000 00705nam a2200241Ia 4500
003 OSt
005 20220925185550.0
006 a|||||r|||| 00| 0
007 ta
008 220923b |||||||| |||| 00| 0 eng d
020 _a90 232 1575 3
037 _cGeneral Book
040 _aRTL
_cRTL
_beng
041 _2eng
_aeng
082 _aW, L8/SC
100 _aBUSS Andeas
_9235112
245 0 _aSocieties politique individu
_b Les formers elementaries de la vie sociale en inde ancienne.
260 _aAmsterdam
_bVan Gorwn aasen
_c1978
300 _a121p.
_ccm.
500 _aBibliography :P.118-121
942 _hW, L8/SC
_cGB
_2CC
999 _c511335
_d511335